| 000 | 00689nam a22002297a 4500 | ||
|---|---|---|---|
| 999 |
_c6984 _d6984 |
||
| 003 | AR-CdUCM | ||
| 008 | 190319b ||||| |||| 00| 0 spa d | ||
| 040 |
_aMUNICIPALIDAD PROVINCIAL DEL CUSCO _cBIBLIOTECA MUNICIPAL DEL CUSCO |
||
| 082 |
_a848.82 / _bF82 |
||
| 100 |
_aFrance, Anatole _910550 |
||
| 245 | _aLa isla de los pingüinos / | ||
| 260 |
_aSantiago de Chile : _bEdiciones Arcilla, _c1933. |
||
| 300 |
_a226 páginas ; _c19 cm. |
||
| 500 | _aDonación de la familia Nieto | ||
| 650 |
_aFrancia _91444 |
||
| 650 |
_aNovela francesa _92590 |
||
| 650 |
_aSátira _99884 |
||
| 650 |
_aFicción histórica _91808 |
||
| 650 |
_aSiglo XX _98 |
||
| 942 |
_2ddc _cLIBROS |
||
| 945 | _araen | ||